La popolazione omosessuale nella società italiana Anno 2011

Đã lưu trong:
Chi tiết về thư mục
Tác giả của công ty: ISTAT
Định dạng: Sách
Ngôn ngữ:Tiếng Anh
Được phát hành: Roma ISTAT 2012
Các nhãn: Thêm thẻ
Không có thẻ, Là người đầu tiên thẻ bản ghi này!

MARC

LEADER 00000nam a2200000 4500
005 20240626172425.0
008 240626b |||||||| |||| 00| 0 eng d
040 |c GP 
110 |a ISTAT 
245 |a La popolazione omosessuale nella società italiana  |b Anno 2011 
260 |a Roma  |b ISTAT  |c 2012 
942 |2 ddc  |c BK  |n 0 
952 |0 0  |1 0  |2 ddc  |4 0  |6 001_000000000000000_IST  |7 1  |9 1503  |a RM  |b RM  |d 2024-06-26  |l 0  |o 001 IST  |p 217  |r 2024-06-26 17:28:42  |w 2024-06-26  |y BK 
999 |c 1321  |d 1321